Perspectives, implementability and measurability of ethical principles in business management dizertačná práca
Gespeichert in:
| 1. Verfasser: | |
|---|---|
| Körperschaft: | |
| Weitere Verfasser: | |
| Format: | Buch |
| Sprache: | Englisch |
| Veröffentlicht: |
Bratislava
2021
|
| Schlagworte: | |
| Tags: |
Keine Tags, Fügen Sie das erste Tag hinzu!
|
MARC
| LEADER | 00000nbm a2200000 4500 | ||
|---|---|---|---|
| 001 | 0278192 | ||
| 005 | 20230302101802.1 | ||
| 041 | 0 | |a eng | |
| 044 | |a SK | ||
| 245 | 1 | 0 | |a Perspectives, implementability and measurability of ethical principles in business management |b dizertačná práca |c Georg Sievers ; školiteľ: Gabriela Dubcová |
| 264 | 1 | |a Bratislava |c 2021 | |
| 300 | |a 212 s. | ||
| 610 | 2 | 0 | |a etika podniková |
| 610 | 2 | 0 | |a implementácia |
| 610 | 2 | 0 | |a meranie |
| 610 | 2 | 0 | |a manažment |
| 610 | 2 | 0 | |a konkurencieschopnosť |
| 610 | 2 | 0 | |a normy |
| 610 | 2 | 0 | |a Nemecko |
| 610 | 2 | 0 | |a Rakúsko |
| 610 | 2 | 0 | |a Švajčiarsko |
| 100 | 1 | |a Sievers, Georg, 1967- | |
| 700 | 1 | |a Dubcová, Gabriela, 1968- | |
| 710 | 2 | |a Fakulta podnikového manažmentu EU. Katedra podnikovohospodárska | |